000 00686nam a2200265Ia 4500
005 20260121172839.0
008 008 260114s9999 xx 000 0 eng d
020 _a9783030904258
037 _aEBOOK
040 _aCRL
040 _beng
040 _cCRL
041 _2eng
041 _aeng
084 _qCRL
100 _aClaus Aranha, Carlos Martín-Vide, Miguel A. Vega-Rodríguez
_91093481
245 0 _aTheory and Practice of Natural Computing
260 _bSpringer
260 _bSpringer
260 _c2021
856 _uhttps://link.springer.com/openurl?genre=book&isbn=978-3-030-90425-8
942 _cEBOOK
999 _c1659223
_d1659223